[Event "ONJK 2018 B"]
[Site "Borne, Netherlands"]
[Date "2018.08.09"]
[Round "6.3"]
[White "Salomons, Quinten"]
[Black "Kracht, Raphael"]
[Result "1-0"]
[WhiteElo "1710"]
[BlackElo "2050"]
[PlyCount "109"]
[EventDate "2018.??.??"]

1. d4 Nf6 2. Nf3 e6 3. c4 Bb4+ 4. Bd2 a5 5. g3 b6 6. Bg2 Bb7 7. a3 Bxd2+ 8.
Nbxd2 d6 9. O-O O-O 10. Re1 Qe7 11. e4 e5 12. d5 Na6 13. b3 Ng4 14. Nh4 Nh6 15.
Qh5 Bc8 16. Nf5 Nxf5 17. exf5 Qf6 18. g4 g6 19. Qh6 Qg7 20. Qxg7+ Kxg7 21. fxg6
fxg6 22. f3 Nc5 23. Re3 Rf4 24. h3 Bd7 25. Ne4 h6 26. Kh2 h5 27. Kg3 Kf7 28. a4
Ke7 29. Rd1 Na6 30. Nc3 Nb4 31. Ne2 g5 32. Re4 h4+ 33. Kf2 Rf6 34. Nc3 Na6 35.
Re3 Rff8 36. Ne4 Rg8 37. Bf1 Nb4 38. Rd2 Rad8 39. Nc3 c6 40. dxc6 Bxc6 41. Nd5+
Nxd5 42. cxd5 Be8 43. Rc2 Bf7 44. Rc7+ Rd7 45. Rxd7+ Kxd7 46. Bb5+ Kd8 47. Bc6
Bg6 48. Rc3 Rg7 49. Ke3 Rf7 50. Bb5 Rc7 51. Rxc7 Kxc7 52. Bd3 Bf7 53. Bc4 Kd7
54. Ke4 Bg6+ 55. Ke3 1-0

[Event "ONJK 2018 B"]
[Site "Borne, Netherlands"]
[Date "2018.08.09"]
[Round "6.4"]
[White "Boghossian, Wahe"]
[Black "De Man, Luuk"]
[Result "1-0"]
[WhiteElo "1780"]
[BlackElo "1653"]
[PlyCount "139"]
[EventDate "2018.??.??"]

1. e4 c5 2. Nf3 Nc6 3. d4 cxd4 4. Nxd4 g6 5. Nc3 Bg7 6. Be3 Nf6 7. Be2 a6 8.
O-O O-O 9. Nb3 Qc7 10. f4 d6 11. Bf3 e6 12. Qe2 Rb8 13. a4 Na5 14. Nxa5 Qxa5
15. Qf2 Qc7 16. Rfd1 e5 17. h3 Be6 18. Rd2 b6 19. Rad1 Ne8 20. f5 Bc4 21. Be2
gxf5 22. exf5 d5 23. Bxc4 d4 24. Bb3 dxe3 25. Qxe3 Nf6 26. Kh1 b5 27. axb5 axb5
28. Rd6 b4 29. Ne4 Nxe4 30. Qxe4 Rfd8 31. Rxd8+ Rxd8 32. Rf1 Qd6 33. Qc4 Rf8
34. Qg4 Qd4 35. Qg5 h6 36. Qg3 Kh7 37. f6 Bh8 38. Qf3 Qf4 39. Qxf4 exf4 40.
Rxf4 Kg6 41. Rxb4 Bxf6 42. Bc4 Re8 43. Bd3+ Kg7 44. b3 Re1+ 45. Kh2 Be5+ 46. g3
Re3 47. Rg4+ Kf8 48. Kg2 h5 49. Rg5 f6 50. Rxh5 Rxg3+ 51. Kf2 Rg7 52. Rh8+ Ke7
53. Rh7 Rxh7 54. Bxh7 Kd6 55. Bf5 Bf4 56. Kf3 Ke5 57. Kg4 Bg5 58. h4 Bd2 59.
Bd3 Ke6 60. Kh5 Bc3 61. Kg6 Ke7 62. h5 Kf8 63. Bc4 f5 64. Kxf5 Kg7 65. Ke4 Kh6
66. Bf7 Kg7 67. Bg6 Kf6 68. Kd3 Bb4 69. Kc4 Bd6 70. b4 1-0

[Event "ONJK 2018 B"]
[Site "Borne, Netherlands"]
[Date "2018.08.09"]
[Round "6.5"]
[White "Segers, Job"]
[Black "Vitharana, Annelies"]
[Result "0-1"]
[WhiteElo "1565"]
[BlackElo "1769"]
[PlyCount "112"]
[EventDate "2018.??.??"]

1. e4 c6 2. d4 d5 3. exd5 cxd5 4. Bd3 Nf6 5. c3 Nc6 6. Bf4 Bg4 7. Qb3 Qd7 8.
Nd2 e6 9. Ngf3 Be7 10. O-O O-O 11. Rae1 Nh5 12. Be5 Bxf3 13. Nxf3 Nxe5 14. Nxe5
Qc7 15. Qc2 Nf6 16. g4 h6 17. f4 Nd7 18. f5 Bd6 19. Nxd7 Qxd7 20. fxe6 fxe6 21.
Qe2 Rxf1+ 22. Rxf1 Rf8 23. Bg6 Bf4 24. g5 hxg5 25. Qh5 Be3+ 26. Kg2 Rxf1 27.
Qh7+ Kf8 28. Qh8+ Ke7 29. Qxg7+ Kd8 30. Qg8+ Kc7 31. Kxf1 Qd6 32. Qf7+ Kb6 33.
Kg2 Bf4 34. Qf6 Bxh2 35. Qxg5 Bf4 36. Qf6 Bc1 37. b4 Bd2 38. Qf3 Qc6 39. c4
Qxc4 40. a3 Qxd4 41. Be8 Bf4 42. Qf1 Qe4+ 43. Kg1 Be3+ 44. Kh2 Qe5+ 45. Kg2
Qg7+ 46. Kh1 Qh8+ 47. Kg2 Qxe8 48. Qd3 d4 49. Kf3 Qf7+ 50. Ke2 Qh5+ 51. Ke1 Qb5
52. Qe4 Qc4 53. Qe5 Qc1+ 54. Ke2 Qd2+ 55. Kf3 Qf2+ 56. Ke4 Qf5+ 0-1

[Event "ONJK 2018 B"]
[Site "Borne, Netherlands"]
[Date "2018.08.09"]
[Round "6.6"]
[White "Waardenburg, Marlinde"]
[Black "Kamp, Aaron"]
[Result "1-0"]
[WhiteElo "1665"]
[BlackElo "1784"]
[PlyCount "87"]
[EventDate "2018.??.??"]

1. e4 c5 2. Nc3 d6 3. f4 Nc6 4. Nf3 g6 5. Bc4 Bg7 6. O-O Nf6 7. d3 Bg4 8. h3
Bxf3 9. Qxf3 Nd4 10. Qf2 e6 11. Be3 Nd7 12. Nd1 b5 13. Bb3 O-O 14. c3 Nxb3 15.
axb3 f5 16. g4 a5 17. Qg3 Nf6 18. Nf2 a4 19. bxa4 Rxa4 20. Rae1 fxe4 21. d4 Nd5
22. dxc5 dxc5 23. b3 Nxe3 24. Rxe3 Ra3 25. Nxe4 Qd5 26. Ng5 e5 27. f5 Bh6 28.
Rxe5 Qd6 29. Ne6 Rf7 30. Qe1 Ra2 31. g5 Bg7 32. Nxg7 Kxg7 33. f6+ Kg8 34. Rf2
Rxf2 35. Kxf2 Ra7 36. Re8+ Kf7 37. Re7+ Rxe7 38. Qxe7+ Qxe7 39. fxe7 Kxe7 40.
Ke3 Ke6 41. Ke4 Kd6 42. b4 c4 43. Kd4 Kc6 44. Ke4 1-0

[Event "ONJK 2018 B"]
[Site "Borne, Netherlands"]
[Date "2018.08.09"]
[Round "6.7"]
[White "Schaefer, Daniel"]
[Black "Ekker, Laurens"]
[Result "0-1"]
[WhiteElo "1739"]
[BlackElo "1515"]
[PlyCount "68"]
[EventDate "2018.??.??"]

1. d4 d5 2. c4 e6 3. Nc3 c5 4. e3 Nf6 5. Nf3 Nc6 6. Bd3 cxd4 7. exd4 Be7 8. O-O
O-O 9. Bf4 dxc4 10. Bxc4 Nb4 11. Re1 Nbd5 12. Bg3 b6 13. Ne5 Bb7 14. a3 Rc8 15.
Qd3 Nh5 16. Rad1 Nxg3 17. hxg3 Nxc3 18. bxc3 Qc7 19. Re3 Bd6 20. Nxf7 Rxf7 21.
Bxe6 Rcf8 22. g4 Kh8 23. Rh3 g6 24. Bxf7 Qxf7 25. f3 Bd5 26. Kf2 Bc4 27. Qe3
Bf4 28. Qe4 Re8 29. Qc6 Be3+ 30. Kg3 Qf4+ 31. Kh4 g5+ 32. Kh5 Qf7+ 33. Kh6 Qg7+
34. Kh5 Bf7+ 0-1

[Event "ONJK 2018 B"]
[Site "Borne, Netherlands"]
[Date "2018.08.09"]
[Round "6.8"]
[White "Monteny, Pascalle"]
[Black "Broersma, Sven"]
[Result "1/2-1/2"]
[WhiteElo "1433"]
[BlackElo "1716"]
[PlyCount "73"]
[EventDate "2018.??.??"]

1. c4 Nf6 2. g3 g6 3. Bg2 Bg7 4. Nc3 O-O 5. d3 c5 6. Nf3 d6 7. O-O Na6 8. a3
Nc7 9. Rb1 a6 10. Bd2 Bd7 11. b4 b5 12. bxc5 dxc5 13. Ne5 Rb8 14. Na2 Nfe8 15.
Nxd7 Qxd7 16. Nc1 Nd6 17. Qc2 Ne6 18. Nb3 Nf5 19. e3 Rfd8 20. Bd5 Rdc8 21. Rfc1
Nc7 22. Nxc5 Qd6 23. Nb7 Qf6 24. Bg2 Ne8 25. c5 Rc7 26. Na5 Rbc8 27. d4 e5 28.
dxe5 Qxe5 29. Bb4 Nf6 30. Nb3 Nd5 31. Qe2 Nxb4 32. axb4 Qe6 33. Rd1 Bc3 34. Nc1
a5 35. bxa5 Rxc5 36. Rxb5 Bxa5 37. Nb3 1/2-1/2

[Event "ONJK 2018 B"]
[Site "Borne, Netherlands"]
[Date "2018.08.09"]
[Round "6.9"]
[White "Tiggelman, Laura"]
[Black "Vleming, Stefan"]
[Result "0-1"]
[WhiteElo "1500"]
[BlackElo "1685"]
[PlyCount "82"]
[EventDate "2018.??.??"]

1. e4 e5 2. Nf3 Nc6 3. Bc4 Nf6 4. d3 Bc5 5. c3 O-O 6. Bb3 d6 7. Nbd2 Bg4 8. h3
Be6 9. Bc2 Re8 10. O-O d5 11. Qe2 Nh5 12. Nh2 Ng3 13. Qf3 Nxf1 14. Ndxf1 Qf6
15. Qe2 Qg6 16. Qf3 Rad8 17. Ng3 dxe4 18. dxe4 Qf6 19. Qe2 Bc4 20. Qe1 Bd3 21.
Bb3 Na5 22. Ba4 b5 23. Bxb5 Bxb5 24. b4 Ba4 25. Qe2 Rd1+ 26. Ngf1 Qxf2+ 27.
Qxf2 Bxf2+ 28. Kxf2 Nc4 29. Ng4 Red8 30. Nfe3 Nxe3 31. Nxe3 R1d3 32. c4 Rc3 33.
Ke2 Rcd3 34. Nd5 Rd4 35. Ke3 c6 36. Ne7+ Kf8 37. Nf5 Rxc4 38. Bb2 f6 39. b5 Kf7
40. bxc6 Rxc6 41. g4 Rb8 0-1

[Event "ONJK 2018 B"]
[Site "Borne, Netherlands"]
[Date "2018.08.09"]
[Round "6.10"]
[White "Bonenkamp, Jasper"]
[Black "Adema, Marrit"]
[Result "0-1"]
[WhiteElo "1684"]
[BlackElo "1583"]
[PlyCount "78"]
[EventDate "2018.??.??"]

1. d4 Nf6 2. c4 e6 3. Nc3 Bb4 4. Qc2 Nc6 5. Nf3 O-O 6. Bg5 Be7 7. e3 b6 8. Be2
Bb7 9. O-O Nb4 10. Qd1 c5 11. a3 Na6 12. Ne5 d6 13. Nf3 Qd7 14. d5 exd5 15.
cxd5 Nc7 16. e4 Rfe8 17. Re1 Ng4 18. Bxe7 Rxe7 19. Nd2 f5 20. Bxg4 fxg4 21. Rf1
Ba6 22. Re1 Rf8 23. Re3 Bb7 24. Qa4 Qxa4 25. Nxa4 Nb5 26. Nb3 Rf4 27. f3 gxf3
28. gxf3 Bxd5 29. Rd1 Bxb3 30. Rxb3 Nd4 31. Rxd4 cxd4 32. Kg2 Rb7 33. Rb4 b5
34. b3 a5 35. Rxd4 bxa4 36. bxa4 Rf6 37. Rd5 Rb2+ 38. Kg3 Rb3 39. Rxa5 Rbxf3+
0-1

[Event "ONJK 2018 B"]
[Site "Borne, Netherlands"]
[Date "2018.08.09"]
[Round "6.11"]
[White "Schneider, Daniel"]
[Black "Molanus, Lennart"]
[Result "1-0"]
[WhiteElo "1617"]
[BlackElo "1603"]
[PlyCount "33"]
[EventDate "2018.??.??"]

1. d4 d5 2. Bf4 Nf6 3. e3 e6 4. Nf3 c5 5. c3 Nc6 6. Nbd2 Bd6 7. Bg3 b6 8. Bd3
cxd4 9. cxd4 Bxg3 10. hxg3 Nb4 11. Qa4+ Nc6 12. Qxc6+ Bd7 13. Qd6 Rc8 14. Ne5
Bc6 15. Qxd8+ Kxd8 16. Nxf7+ Ke7 17. Nxh8 1-0

[Event "ONJK 2018 B"]
[Site "Borne, Netherlands"]
[Date "2018.08.09"]
[Round "6.12"]
[White "Noordenbos, Daan"]
[Black "Hungeling, David"]
[Result "1-0"]
[WhiteElo "1842"]
[BlackElo "1509"]
[PlyCount "39"]
[EventDate "2018.??.??"]

1. e4 e6 2. d4 d5 3. Nc3 Bb4 4. e5 c5 5. a3 Bxc3+ 6. bxc3 cxd4 7. cxd4 Ne7 8.
Bd3 Nbc6 9. c3 Qa5 10. Bd2 Bd7 11. f4 Rf8 12. Nf3 h6 13. O-O f6 14. exf6 gxf6
15. f5 e5 16. Nxe5 fxe5 17. f6 Nc8 18. Bg6+ Kd8 19. Bxh6 Rg8 20. f7 1-0

[Event "ONJK 2018 B"]
[Site "Borne, Netherlands"]
[Date "2018.08.09"]
[Round "6.13"]
[White "Huang, Wendy"]
[Black "Neirynck, Arthur"]
[Result "1-0"]
[WhiteElo "1648"]
[BlackElo "1506"]
[PlyCount "87"]
[EventDate "2018.??.??"]

1. e4 e6 2. d4 d5 3. Nc3 Nf6 4. e5 Nfd7 5. Be3 c5 6. Nf3 Nc6 7. dxc5 Ndxe5 8.
Bb5 Bd7 9. Bxc6 Nxc6 10. O-O Be7 11. Ne2 O-O 12. Ned4 f6 13. Nb3 Be8 14. c3 Bh5
15. h3 Rc8 16. g4 Bf7 17. Nfd4 Na5 18. Nxa5 Qxa5 19. b4 Qd8 20. Qd2 Kh8 21. f4
Rg8 22. Kh1 Qd7 23. Qf2 Bd8 24. Rad1 Qa4 25. g5 b6 26. c6 a5 27. Rb1 Be7 28.
Rg1 axb4 29. g6 Bxg6 30. Rxg6 f5 31. Rxe6 Bf6 32. cxb4 Qa7 33. Rd6 Qa3 34. Rb3
Qa7 35. Nxf5 Rge8 36. Rd7 Qa8 37. Nd6 Qxc6 38. Nxe8 Rxe8 39. Ra7 Rxe3 40. Rxe3
d4+ 41. Rf3 d3 42. Kh2 d2 43. Rd3 Bc3 44. Rd8+ 1-0

[Event "ONJK 2018 B"]
[Site "Borne, Netherlands"]
[Date "2018.08.09"]
[Round "6.14"]
[White "Nies, Levi"]
[Black "Mainka, Irmin"]
[Result "0-1"]
[WhiteElo "1576"]
[BlackElo "1499"]
[PlyCount "54"]
[EventDate "2018.??.??"]

1. e4 e5 2. Nf3 Nc6 3. Bc4 Bc5 4. c3 Nf6 5. d4 Bb6 6. dxe5 Nxe4 7. Qd5 Nxe5 8.
Qxe4 O-O 9. Bg5 Nxf3+ 10. Qxf3 Qxg5 11. O-O c6 12. Na3 d5 13. Bd3 Bc7 14. h3
Bd7 15. Nc2 c5 16. Ne3 d4 17. Qxb7 Qe5 18. Rfe1 Qh2+ 19. Kf1 dxe3 20. fxe3 Rab8
21. Qe4 g6 22. b3 Bf5 23. Qc4 Bxd3+ 24. Qxd3 Bg3 25. Rec1 Qh1+ 26. Ke2 Qxg2+
27. Kd1 Rbd8 0-1

[Event "ONJK 2018 B"]
[Site "Borne, Netherlands"]
[Date "2018.08.09"]
[Round "6.15"]
[White "Van Hille, Clara"]
[Black "Basa, Manasvita"]
[Result "1-0"]
[WhiteElo "1296"]
[BlackElo "1668"]
[PlyCount "117"]
[EventDate "2018.??.??"]

1. e4 e5 2. Nf3 Nc6 3. Bc4 Bc5 4. d3 Nf6 5. Nc3 d6 6. h3 h6 7. O-O Be6 8. Bb3
O-O 9. Be3 Bb6 10. d4 Bxb3 11. axb3 Qe7 12. dxe5 dxe5 13. Bxb6 axb6 14. Nd5 Qd6
15. Nxf6+ Qxf6 16. c3 Rad8 17. Qc2 Rd7 18. Rad1 Rfd8 19. Rxd7 Rxd7 20. Rd1 Rd6
21. Rd3 Qe7 22. Qd1 f6 23. Nh4 Qd8 24. Rxd6 cxd6 25. Nf5 Kf7 26. Qxd6 Qxd6 27.
Nxd6+ Ke6 28. Nf5 Kf7 29. Kf1 Nd8 30. Ke2 Ne6 31. b4 h5 32. g3 g6 33. Nd6+ Ke7
34. Nc8+ Kd7 35. Nxb6+ Kc6 36. Nc4 b5 37. Ne3 Kd6 38. Kd3 Nc7 39. b3 Na6 40. f4
Nc7 41. c4 Kc6 42. fxe5 fxe5 43. Nd5 g5 44. Nxc7 bxc4+ 45. Kxc4 Kxc7 46. Kd5
Kb6 47. Kxe5 Kb5 48. Kd6 Kxb4 49. e5 Kxb3 50. e6 Kc3 51. e7 Kd3 52. e8=Q g4 53.
hxg4 hxg4 54. Qe5 Kc4 55. Qd5+ Kc3 56. Qe4 Kb3 57. Kc5 Ka3 58. Qb1 Ka4 59. Qb4#
1-0

[Event "ONJK 2018 B"]
[Site "Borne, Netherlands"]
[Date "2018.08.09"]
[Round "6.16"]
[White "Schelleman, Martijn"]
[Black "Heskes, Johan"]
[Result "0-1"]
[WhiteElo "1379"]
[BlackElo "1625"]
[PlyCount "70"]
[EventDate "2018.??.??"]

1. e4 c5 2. Nf3 d6 3. d4 cxd4 4. Nxd4 Nf6 5. Nc3 g6 6. f3 Bg7 7. Be3 O-O 8. Qd2
a6 9. O-O-O b5 10. h4 Qc7 11. g4 Nc6 12. h5 Bd7 13. hxg6 fxg6 14. Qh2 Rf7 15.
Bh3 Nxd4 16. Bxd4 e5 17. Be3 Bh8 18. g5 Bxh3 19. gxf6 Be6 20. Nd5 Bxd5 21. Rxd5
Bxf6 22. f4 Rc8 23. Rd2 exf4 24. Bxf4 Be5 25. Bxe5 dxe5 26. Qh3 Qc4 27. Rhd1
Kg7 28. Rh1 h5 29. Qg3 Rf1+ 30. Rxf1 Qxf1+ 31. Rd1 Qf4+ 32. Qxf4 exf4 33. Rd7+
Kh6 34. Rf7 Kg5 35. e5 Re8 0-1

[Event "ONJK 2018 B"]
[Site "Borne, Netherlands"]
[Date "2018.08.10"]
[Round "7.1"]
[White "Wensing, Maximilian"]
[Black "Boghossian, Wahe"]
[Result "1-0"]
[WhiteElo "1945"]
[BlackElo "1780"]
[PlyCount "139"]
[EventDate "2018.??.??"]

1. Nf3 d5 2. d4 Bf5 3. c4 Nf6 4. Qb3 b6 5. Bg5 c6 6. cxd5 Qxd5 7. Qxd5 Nxd5 8.
Nc3 Nxc3 9. bxc3 e6 10. g3 Ba3 11. Bc1 Bd6 12. Nd2 e5 13. Nc4 Bc7 14. Bg2 exd4
15. cxd4 b5 16. Ne3 Bd7 17. O-O Bb6 18. Rd1 O-O 19. a4 bxa4 20. Rxa4 a5 21. Nc4
Bc7 22. Bf4 Bd8 23. Ne5 Ra6 24. Nxd7 Nxd7 25. Rc1 Bf6 26. Rxc6 Rxc6 27. Bxc6
Nb6 28. Rxa5 Bxd4 29. Rb5 Nc8 30. Rb7 Bc5 31. Bd5 Ne7 32. Bc4 h6 33. h4 Ng6 34.
Bb8 Ne7 35. Be5 Nc6 36. Bc3 Bd4 37. Bd2 Ne5 38. Bb4 Rd8 39. Bb3 Rd7 40. Rb8+
Kh7 41. e3 Nc6 42. Bc2+ g6 43. Rb5 Nxb4 44. Rxb4 Bf6 45. h5 Kg7 46. hxg6 fxg6
47. Kg2 h5 48. Rb6 g5 49. Bf5 Ra7 50. e4 Re7 51. f4 gxf4 52. gxf4 Rf7 53. Kf3
Ra7 54. e5 Bd8 55. Rg6+ Kf7 56. Rd6 Ra3+ 57. Ke2 Ra2+ 58. Ke3 Ra3+ 59. Bd3 Be7
60. Rh6 h4 61. Rh7+ Kf8 62. f5 Bg5+ 63. Ke4 Ra4+ 64. Kd5 Ra5+ 65. Ke6 Rc5 66.
f6 Rc6+ 67. Kf5 Be3 68. Rh8+ Kf7 69. e6+ Rxe6 70. Bc4 1-0

[Event "ONJK 2018 B"]
[Site "Borne, Netherlands"]
[Date "2018.08.10"]
[Round "7.2"]
[White "Vitharana, Annelies"]
[Black "Grutter, Tim"]
[Result "0-1"]
[WhiteElo "1769"]
[BlackElo "1971"]
[PlyCount "64"]
[EventDate "2018.??.??"]

1. e4 c5 2. Nc3 e6 3. f4 d5 4. Nf3 Nc6 5. Bb5 Nf6 6. Bxc6+ bxc6 7. d3 Ba6 8. e5
Nd7 9. O-O Be7 10. Qe1 Qc7 11. Qg3 g6 12. b3 O-O-O 13. Qf2 h6 14. Ba3 g5 15.
Na4 g4 16. Nd2 Qa5 17. Rfd1 g3 18. Qxg3 Rdg8 19. Qf2 Rg4 20. Nf1 Rhg8 21. Ne3
R4g7 22. g3 h5 23. Bc1 h4 24. Nf1 hxg3 25. hxg3 Bh4 26. Qd2 Qd8 27. Ne3 Bxg3
28. Kf1 Bxf4 29. Qf2 Bg3 30. Qf3 Nxe5 31. Qe2 Qf6+ 32. Kg2 Be1+ 0-1

[Event "ONJK 2018 B"]
[Site "Borne, Netherlands"]
[Date "2018.08.10"]
[Round "7.3"]
[White "Salomons, Quinten"]
[Black "Albertus, Bram"]
[Result "1/2-1/2"]
[WhiteElo "1710"]
[BlackElo "1868"]
[PlyCount "28"]
[EventDate "2018.??.??"]

1. d4 d5 2. c4 c6 3. Nf3 Nf6 4. e3 Bg4 5. h3 Bxf3 6. Qxf3 e6 7. Nc3 Nbd7 8. Bd3
Bb4 9. O-O O-O 10. cxd5 exd5 11. a3 Bd6 12. Bd2 Re8 13. e4 dxe4 14. Nxe4 Nxe4
1/2-1/2

[Event "ONJK 2018 B"]
[Site "Borne, Netherlands"]
[Date "2018.08.10"]
[Round "7.4"]
[White "Kamp, Adrian"]
[Black "Waardenburg, Marlinde"]
[Result "1/2-1/2"]
[WhiteElo "1850"]
[BlackElo "1665"]
[PlyCount "46"]
[EventDate "2018.??.??"]

1. e4 e6 2. d4 d5 3. Nc3 Nf6 4. e5 Nfd7 5. f4 c5 6. Nf3 Nc6 7. Be3 cxd4 8. Nxd4
a6 9. Be2 Bc5 10. Qd2 O-O 11. O-O-O Bxd4 12. Bxd4 b5 13. g4 Qc7 14. h4 b4 15.
Na4 Qa5 16. b3 Bb7 17. h5 Nxd4 18. Qxd4 Bc6 19. g5 Bxa4 20. bxa4 Qxa4 21. Kb1
Qc6 22. f5 Qc3 23. fxe6 fxe6 1/2-1/2

[Event "ONJK 2018 B"]
[Site "Borne, Netherlands"]
[Date "2018.08.10"]
[Round "7.5"]
[White "Vleming, Stefan"]
[Black "Adema, Marrit"]
[Result "1-0"]
[WhiteElo "1685"]
[BlackElo "1583"]
[PlyCount "99"]
[EventDate "2018.??.??"]

1. e4 c5 2. Nf3 d6 3. d4 cxd4 4. Nxd4 Nf6 5. Nc3 g6 6. Be3 Bg7 7. f3 O-O 8. Qd2
Nc6 9. Bc4 Bd7 10. O-O-O Rc8 11. Bb3 Ne5 12. Kb1 a5 13. a3 Nc4 14. Qd3 Nxe3 15.
Qxe3 Rc5 16. g4 b5 17. h4 h5 18. g5 Ne8 19. Nd5 Nc7 20. f4 e6 21. Nf6+ Bxf6 22.
gxf6 Qxf6 23. e5 dxe5 24. Nf5 Rd5 25. Bxd5 Nxd5 26. Nh6+ Kh7 27. Qc5 Rd8 28.
fxe5 Qg7 29. Rhf1 Kxh6 30. Qd4 Qf8 31. Qd2+ Kh7 32. Qxa5 Ne3 33. Qc7 Nxf1 34.
Rxf1 Kg7 35. Rd1 Qe7 36. a4 bxa4 37. c4 Qxh4 38. c5 Qe4+ 39. Ka1 Rc8 40. Qxd7
Rxc5 41. Rf1 Rc6 42. Qxf7+ Kh6 43. Qf8+ Kg5 44. Qf6+ Kh6 45. Qh8+ Kg5 46. Rg1+
Kh4 47. Qf6+ Kh3 48. Qf1+ Kh4 49. Qf2+ Kh3 50. Qg3# 1-0

[Event "ONJK 2018 B"]
[Site "Borne, Netherlands"]
[Date "2018.08.10"]
[Round "7.6"]
[White "Ekker, Laurens"]
[Black "Schneider, Daniel"]
[Result "0-1"]
[WhiteElo "1515"]
[BlackElo "1617"]
[PlyCount "98"]
[EventDate "2018.??.??"]

1. e4 e5 2. Nf3 Nc6 3. Bb5 Nge7 4. O-O g6 5. c3 Bg7 6. d4 exd4 7. cxd4 O-O 8.
d5 Ne5 9. Nc3 d6 10. Bf4 Bg4 11. Be2 Nxf3+ 12. Bxf3 Bxf3 13. Qxf3 f5 14. Rfe1
fxe4 15. Qxe4 Nf5 16. Rac1 a6 17. Qb4 Rb8 18. Re4 Re8 19. Rce1 Rxe4 20. Qxe4
Qf8 21. g4 Nd4 22. Rd1 Re8 23. Rxd4 Rxe4 24. Rxe4 Bxc3 25. bxc3 Qf6 26. Bh6
Qxc3 27. Re3 Qc4 28. Re7 Qxg4+ 29. Kh1 Qd1+ 30. Kg2 Qxd5+ 31. Kg1 Qd1+ 32. Kg2
Qg4+ 33. Kh1 Qh4 34. Re8+ Kf7 35. Rf8+ Ke7 36. Bg7 Qe4+ 37. f3 Qe2 38. h4 Qxa2
39. Rf4 Qb1+ 40. Kg2 Qc2+ 41. Kg3 Qd1 42. Re4+ Kd7 43. Bf6 Qg1+ 44. Kf4 Qh2+
45. Kg5 Qg3+ 46. Kh6 Qxf3 47. Re7+ Kc6 48. Bg5 Qh5+ 49. Kg7 h6 0-1

[Event "ONJK 2018 B"]
[Site "Borne, Netherlands"]
[Date "2018.08.10"]
[Round "7.7"]
[White "Kracht, Raphael"]
[Black "Monteny, Pascalle"]
[Result "1-0"]
[WhiteElo "2050"]
[BlackElo "1433"]
[PlyCount "89"]
[EventDate "2018.??.??"]

1. e4 e6 2. d4 d5 3. Nd2 dxe4 4. Nxe4 Bd7 5. Nf3 Bc6 6. Ng3 Nd7 7. Bd3 Be7 8.
O-O Ngf6 9. Re1 Bxf3 10. Qxf3 c6 11. b3 O-O 12. Bb2 Qc7 13. c4 Rad8 14. Rad1
Rfe8 15. Bb1 Nf8 16. Ne2 Ng6 17. Nc1 Rd7 18. g3 Red8 19. h4 Bf8 20. h5 Ne7 21.
h6 Ng6 22. d5 Ne8 23. dxe6 Rxd1 24. Rxd1 fxe6 25. Re1 Qf7 26. Qe3 Rd6 27. Nd3
Nc7 28. Ne5 Nxe5 29. Bxe5 Rd7 30. Qxa7 Ne8 31. Qe3 gxh6 32. Kg2 Re7 33. Rh1 Nf6
34. Rh4 h5 35. Qg5+ Bg7 36. Rf4 h6 37. Qh4 Re8 38. Bxf6 Bxf6 39. Rxf6 Qd7 40.
Rg6+ Kf8 41. Qf4+ Qf7 42. Rf6 Kg7 43. Rxf7+ Kh8 44. Rh7+ Kg8 45. Qf7# 1-0

[Event "ONJK 2018 B"]
[Site "Borne, Netherlands"]
[Date "2018.08.10"]
[Round "7.8"]
[White "De Man, Luuk"]
[Black "Noordenbos, Daan"]
[Result "*"]
[WhiteElo "1653"]
[BlackElo "1842"]
[PlyCount "144"]
[EventDate "2018.??.??"]

1. e4 e6 2. d4 d5 3. exd5 exd5 4. c4 Nf6 5. Nc3 Be7 6. Nf3 O-O 7. Be2 dxc4 8.
Bxc4 Nbd7 9. h3 Nb6 10. Bb3 c6 11. O-O Nfd5 12. Qd3 Re8 13. Bc2 g6 14. Nxd5
Nxd5 15. Qb3 Qb6 16. Qxb6 Nxb6 17. Bb3 Kg7 18. Re1 Bf5 19. g4 Bd7 20. Bd2 Bd6
21. Rxe8 Rxe8 22. Re1 Rxe1+ 23. Bxe1 f6 24. Bc3 Nd5 25. Bxd5 cxd5 26. Nd2 Kf7
27. a3 Bb5 28. Nf1 Be2 29. Ne3 Bf3 30. b4 Ke6 31. Nc2 Bf4 32. Ne1 Be2 33. Ng2
Bc1 34. Kh2 Bb5 35. f4 Bxa3 36. Ne3 Bd3 37. Kg3 Bc1 38. Kf3 Kd6 39. h4 Be4+ 40.
Ke2 Kc6 41. g5 f5 42. Kf2 Kb5 43. Ke2 Ka4 44. Nd1 Bxf4 45. Be1 Kb5 46. Nc3+ Kc4
47. Na4 Kxd4 48. Nc5 Kc4 49. Nxb7 d4 50. Na5+ Kd5 51. Nb3 d3+ 52. Kf2 Bd6 53.
Ke3 f4+ 54. Kf2 Bc7 55. Bd2 a6 56. Ke1 Bd6 57. Nc5 a5 58. Nxe4 Kxe4 59. bxa5
Bc5 60. a6 Ba7 61. Kf1 Kf3 62. Bc1 Kg4 63. Bd2 Bb6 64. Be1 Be3 65. Bc3 Kxh4 66.
Kg2 Kxg5 67. Bd2 Ba7 68. Kf3 Kf5 69. Bxf4 g5 70. Be3 g4+ 71. Kf2 d2 72. Ke2
d1=Q+ *

[Event "ONJK 2018 B"]
[Site "Borne, Netherlands"]
[Date "2018.08.10"]
[Round "7.9"]
[White "Broersma, Sven"]
[Black "Segers, Job"]
[Result "1-0"]
[WhiteElo "1716"]
[BlackElo "1565"]
[PlyCount "71"]
[EventDate "2018.??.??"]

1. d4 d5 2. c4 e6 3. Nc3 Nf6 4. Nf3 c5 5. Bf4 Bd6 6. Bxd6 Qxd6 7. e3 Bd7 8. Be2
O-O 9. O-O cxd4 10. Nxd4 a6 11. cxd5 exd5 12. Bf3 Qe5 13. g3 Nc6 14. Nde2 Ne7
15. Nf4 Bc6 16. Qd2 Rad8 17. Rfd1 Rd7 18. Qd4 Qf5 19. Bg2 Rfd8 20. Bh3 Qg5 21.
Bxd7 Rxd7 22. Qc5 Qg4 23. Nce2 Ne4 24. Qc2 g5 25. h3 Qf5 26. Nd4 Qf6 27. Nd3
Nf5 28. Nc5 Nxc5 29. Qxc5 Nd6 30. Nxc6 Ne4 31. Qc2 bxc6 32. Kg2 g4 33. hxg4 Rb7
34. b3 Qe5 35. Qxc6 Rc7 36. Qxd5 1-0

[Event "ONJK 2018 B"]
[Site "Borne, Netherlands"]
[Date "2018.08.10"]
[Round "7.10"]
[White "Mainka, Irmin"]
[Black "Huang, Wendy"]
[Result "1-0"]
[WhiteElo "1499"]
[BlackElo "1648"]
[PlyCount "31"]
[EventDate "2018.??.??"]

1. e4 c5 2. Nf3 d6 3. d4 cxd4 4. Nxd4 Nf6 5. Nc3 a6 6. Be3 e5 7. Nf3 Be7 8. Bd3
Be6 9. O-O O-O 10. h3 Nc6 11. Ng5 d5 12. exd5 Nxd5 13. Bxh7+ Kh8 14. Qh5 Nf6
15. Qh4 Qc8 16. Nce4 1-0

[Event "ONJK 2018 B"]
[Site "Borne, Netherlands"]
[Date "2018.08.10"]
[Round "7.11"]
[White "Kamp, Aaron"]
[Black "Tiemens, Tygo"]
[Result "1-0"]
[WhiteElo "1784"]
[BlackElo "1415"]
[PlyCount "111"]
[EventDate "2018.??.??"]

1. e4 e5 2. d4 exd4 3. Nf3 d5 4. exd5 Qxd5 5. Qxd4 Qxd4 6. Nxd4 Bc5 7. Nb3 Bd6
8. Nc3 Nf6 9. Nb5 Bf5 10. Nxd6+ cxd6 11. Nd4 Bg6 12. Bb5+ Nbd7 13. O-O O-O 14.
c3 a6 15. Be2 Rae8 16. Bf4 d5 17. Bd6 Ne4 18. Bxf8 Kxf8 19. Rfe1 Ndc5 20. f3
Nd6 21. Bf1 Nd3 22. Bxd3 Bxd3 23. Rxe8+ Kxe8 24. Rd1 Bg6 25. b3 Nf5 26. Nxf5
Bxf5 27. Rxd5 Bb1 28. a3 Ba2 29. Re5+ Kd7 30. b4 f6 31. Re4 Bb1 32. Rd4+ Kc7
33. c4 b5 34. c5 Bc2 35. Rd6 Kb7 36. Rd7+ Kc6 37. Rxg7 Kd5 38. Ra7 Kc4 39. Rxa6
Bf5 40. Rxf6 Bd7 41. c6 Bc8 42. Rf8 Be6 43. c7 Kb3 44. c8=Q Bxc8 45. Rxc8 Kxa3
46. f4 Kxb4 47. f5 Ka3 48. f6 b4 49. f7 b3 50. f8=Q+ Ka2 51. Ra8+ Kb1 52. Qf3
Kc2 53. Kf1 b2 54. Ke2 b1=N 55. Ra2+ Kc1 56. Qf1# 1-0

[Event "ONJK 2018 B"]
[Site "Borne, Netherlands"]
[Date "2018.08.10"]
[Round "7.12"]
[White "Joosse, Xander"]
[Black "Schaefer, Daniel"]
[Result "0-1"]
[WhiteElo "1471"]
[BlackElo "1739"]
[PlyCount "62"]
[EventDate "2018.??.??"]

1. d4 Nf6 2. c4 e6 3. Nf3 b6 4. g3 Bb7 5. Bg2 Be7 6. O-O O-O 7. Nc3 d5 8. cxd5
exd5 9. Bg5 Ne4 10. Bxe7 Qxe7 11. Nxe4 dxe4 12. Nd2 Nd7 13. e3 f5 14. Qb3+ Kh8
15. Rac1 Rac8 16. Bh3 Qd6 17. Rc3 Bd5 18. Qc2 g5 19. b3 b5 20. Rc1 c6 21. Qb2
Rf6 22. a3 f4 23. Bxd7 Qxd7 24. Rc5 Qh3 25. f3 exf3 26. Nf1 fxe3 27. Rxd5 e2
28. Ne3 f2+ 29. Kh1 f1=Q+ 30. Nxf1 Qxf1+ 31. Rxf1 exf1=Q# 0-1